Magyarországi természetes gyógytényezők bemutatása, gyógyhelyek vendéglátóhelyeinek fejlesztési irányai az egészséges étkeztetés tükrében. Különleges étrendkínálat bevezetésének lehetséges megoldásai

Bibliographic Details
Main Author: Varga Veronika
Other Authors: Kádas Dr. Lajos
Format: Thesis
Kulcsszavak:Egészségturizmus
Gyógyturizmus
Természetes gyógytényezők
Egyedi étrendek
Gyógyhelyek vendéglátó egységei
Online Access:http://dolgozattar.uni-bge.hu/2760

MARC

LEADER 00000nta a2200000 i 4500
001 dolg2760
005 20151212112700.0
008 150512suuuu hu om 000 hun d
040 |a BGE Dolgozattár Repozitórium  |b hun 
041 |a hu 
100 1 |a Varga Veronika 
245 1 0 |a Magyarországi természetes gyógytényezők bemutatása, gyógyhelyek vendéglátóhelyeinek fejlesztési irányai az egészséges étkeztetés tükrében. Különleges étrendkínálat bevezetésének lehetséges megoldásai  |c Varga Veronika  |h [elektronikus dokumentum] 
246 1 1 |a Magyarországi természetes gyógytényezők bemutatása, gyógyhelyek vendéglátóhelyeinek fejlesztési irányai az egészséges étkeztetés tükrében. Különleges étrendkínálat bevezetésének lehetséges megoldásai 
520 3 |a Magyarországi természetes gyógytényezők bemutatása, gyógyhelyek vendéglátóhelyeinek fejlesztési irányai az egészséges étkeztetés tükrében. Különleges étrendkínálat bevezetésének lehetséges megoldásai 
695 |a Egészségturizmus 
695 |a Gyógyturizmus 
695 |a Természetes gyógytényezők 
695 |a Egyedi étrendek 
695 |a Gyógyhelyek vendéglátó egységei 
700 1 |a Kádas Dr. Lajos  |e ths 
856 4 0 |u http://dolgozattar.uni-bge.hu/2760/3/Szakdolgozat_Varga_Veronika_felt%C3%B6lteni.pdf  |z Dokumentum-elérés